000 01045nac a22003377a 4500
001 BR2013008886
003 BR-BrBNA
005 20240105124002.0
008 230509b bl.|||m| |||| 00| 0 por d
040 _aBR-BrBNA
_bpor
_cBiblioteca Nacional de Agricultura
072 _aL02
090 _a1910 BR2013008886
100 1 _aRamos, A.K.B.
100 1 _aLeite, G.G.
100 1 _aFernandes, F.D.
100 1 _aVilela, L.
100 1 _aBarcellos, A. de O.
100 1 _aFranco, G.L.
110 1 _aEMBRAPA Cerrados, Planaltina, DF (Brasil)
245 1 _aUso e manejo de pastagens de capim pojuca: origem, adaptação e características gerais
260 3 _aPlanltina, DF (Brasil):
_c2002.
300 _a7 p.
490 _aCircular Técnica - EMBRAPA Cerrados (Brazil)
_vno. 21
_xISSN 1517-0187
500 _aSummaries (En, Pt); 16 ref.
650 _aPASTAGEM NATIVA
650 _aCAPIM
650 _aGRAMINEA FORRAGEIRA
650 _aPECUÁRIA
909 _a202312
_bLúcia Elande
_c55
_dLúcia Elande
942 _2AGRIS
_n0
_cMS
999 _c297854
_d297854